000 00869nam a22002177a 4500
001 8849
003 FISKH
005 20251023104541.0
008 251023b cb ||||| |||| 00| 0 eng d
020 _a9789996343094
040 _aFISKH
_beng
_cFISKH
_dFISKH
082 _a428.6
100 _aSamoern, Ouk
245 _aLet's learn : Playing learning and growing /
260 _aPhnom Penh :
_bPen Mind,
300 _a82 pages :
_bcolor illustrations ;
_c30 cm
520 _aA colorful beginner’s learning book for preschool and kindergarten children. It introduces English letters, basic words, and concepts through fun illustrations and familiar animated characters. Activities encourage reading readiness, observation, and vocabulary development in an engaging, playful way.
700 _aMonyphally, Pav
_eillustrator
942 _2ddc
_cBK
_n0
999 _c8849
_d8849